Statistics for Every Sonic Game

Click here to take the quiz!

General Stats

  • This quiz has been taken 14 times
  • The average score is 16 of 43

Answer Stats

HintAnswer% Correct
1991 Master System/Game gearSonic The Hedgehog
100%
1991 Mega drive/GenesisSonic The Hedgehog
100%
1993 Sega CDSonic CD
80%
1992 Master system/Game gearSonic The hedgehog 2
80%
1992 Mega Drive/GenesisSonic The hedgehog 2
80%
2006 Xbox 360/PS3Sonic 06
60%
1998 DreamcastSonic Adventure
60%
2001 Dreamcast/GamecubeSonic Adventure 2
60%
1994 Mega Drive/GenesisSonic 3 and knuckles
50%
2009 WiiSonic and the black knight
50%
2017 Xbox One/PS4/SwitchSonic Forces
50%
2013 Wii U/3DSSonic lost world
50%
1997 SaturnSonic R
50%
2014 Wii USonic Boom rise of lyric
40%
2011 Xbox 360/PS3Sonic Generations
40%
2017 Xbox One/PS4/SwitchSonic Mania
40%
2005 DSSonic Rush
40%
1993 Mega Drive/Genesis/Game Gear/Master systemSonic spinball
40%
1994 Game GearSonic triple trouble
40%
2008 Xbox 360/PS3/Wii/PS2Sonic Unleashed
40%
1993 ArcadeSegasonic the hedgehog
30%
2001 Gameboy AdvanceSonic Advance
30%
2007 WiiSonic And The Secret Rings
30%
1996 Master system/Game GearSonic Blast
30%
2016 3DSSonic Boom fire and ice
30%
1993 Master system/Game gearSonic Chaos
30%
2003 Xbox/Gamecube/PS2Sonic Heroes
30%
2010 Wii/DSSonic colours
20%
2013 MobileSonic Dash
20%
2022 idk probably everything at this pointSonic Origins
20%
2006 Xbox/Gamecube/PS2Sonic Riders
20%
2015 MobileSonic Runners
20%
2010 Xbox 360/PS3/Wii/MobileSonic The hedgehog 4
20%
2019 Xbox One/PS4/SwitchTeam Sonic Racing
20%
2007 Wii/DSMario and sonic at the Olympic games
10%
1996 Mega Drive/Genesis/SaturnSonic 3D Flickies Island
10%
2012 Xbox 360/PS3Sonic and all stars racing transformed
10%
1996 ArcadeSonic Championship
10%
2008 DSSonic Chronicles The dark brotherhood
10%
2021 Xbox One/PS4/SwitchSonic Colours Ultimate
10%
1995 Game gearSonic Drift 2
10%
1999 Neo Geo Pocket ColourSonic Pocket Adventure
10%
2006 PSPSonic Rivals
10%

Score Distribution

Percentile by Number Answered

Percent of People with Each Score

Your Score History

You have not taken this quiz